5HLuxD.jpg

KING HENRY VIII SENIOR AND PRIMARY SCHOOL LIBRARY OPAC

The secret garden / (Record no. 35)

000 -LEADER
fixed length control field 00739cam a22002415 4500
001 - CONTROL NUMBER
control field 9900631115
003 - CONTROL NUMBER IDENTIFIER
control field OSt
005 - DATE AND TIME OF LATEST TRANSACTION
control field 20190724101058.0
008 - FIXED-LENGTH DATA ELEMENTS--GENERAL INFORMATION
fixed length control field 930722s1988 00000 eng d
020 ## - INTERNATIONAL STANDARD BOOK NUMBER
International Standard Book Number 9780553212013
040 ## - CATALOGING SOURCE
Transcribing agency KH8
082 ## - DEWEY DECIMAL CLASSIFICATION NUMBER
Classification number FIC BUR
100 1# - MAIN ENTRY--PERSONAL NAME
Personal name Burnett, Franced Hodgson.
Relator term author
245 14 - TITLE STATEMENT
Title The secret garden /
Statement of responsibility, etc. by Frances Hodgson Burnett ,with an introduction by Lois Lowry.
260 ## - PUBLICATION, DISTRIBUTION, ETC.
Place of publication, distribution, etc. New York ,
Name of publisher, distributor, etc. Bantam Books ,
Date of publication, distribution, etc. 1987.
300 ## - PHYSICAL DESCRIPTION
Extent xiv, 242 p. ;
Dimensions 18 cm.
500 ## - GENERAL NOTE
General note Abridged version of the children's story.
500 ## - GENERAL NOTE
General note Duration: ca. 65 min.
500 ## - GENERAL NOTE
General note Descriptive notes by C. Davis on container.
511 ## - PARTICIPANT OR PERFORMER NOTE
Participant or performer note Claire Bloom reader.
700 1# - ADDED ENTRY--PERSONAL NAME
Personal name Bloom, Claire,
Dates associated with a name 1931-
942 ## - ADDED ENTRY ELEMENTS (KOHA)
Source of classification or shelving scheme
Koha item type Books - Fiction
Holdings
Withdrawn status Lost status Source of classification or shelving scheme Damaged status Not for loan Collection code Permanent Location Current Location Shelving location Date acquired Total Checkouts Total Renewals Full call number Barcode Date last seen Date last checked out Price effective from Koha item type
          Fiction KH8 Senior School Library KH8 Senior School Library Fiction 2019-07-24 9 1 FIC BUR 3KHSL000101176 2025-09-17 2025-08-28 2019-07-24 Books - Fiction

Powered By KH8 IT Dept